Sport Teams Logo - Statistics

General Stats
  • This quiz has been taken 58 times
  • The average score is 17 of 24
Answer Stats
Picture Answer % Correct
Chicago Bulls
90%
Golden State Warriors
88%
Detroit Lions
85%
Chicago Cubs
83%
Indiana Pacers
83%
San Antonio Spurs
83%
Dallas Cowboys
81%
Los Angeles Rams
81%
Cincinnati Bengals
77%
Houston Texans
77%
Cleveland Browns
75%
Detroit Red Wings
75%
Dallas Mavericks
73%
Colorado Avalanche
71%
Houston Astros
71%
Los Angeles Angels
71%
Vegas Golden Knights
67%
Washington Wizards
67%
Dallas Stars
62%
San Diego Padres
62%
Texas Rangers
62%
Arizona Diamondbacks
60%
Vancouver Canucks
56%
Columbus Blue Jackets
50%
No matching quizzes found
Score Distribution
Percent of People with Each Score
Percentile by Number Answered
Your Score History
You have not taken this quiz